Intermediate Algebra : (Record no. 42309)
[ view plain ]
| 000 -LEADER | |
|---|---|
| fixed length control field | 00447nam a22001577a 4500 |
| 003 - CONTROL NUMBER IDENTIFIER | |
| control field | OSt |
| 005 - DATE AND TIME OF LATEST TRANSACTION | |
| control field | 20140311163153.0 |
| 008 - FIXED-LENGTH DATA ELEMENTS--GENERAL INFORMATION | |
| fixed length control field | 140221t xxu||||| |||| 00| 0 eng d |
| 020 ## - INTERNATIONAL STANDARD BOOK NUMBER | |
| International Standard Book Number | 9715694470 |
| 050 ## - LIBRARY OF CONGRESS CALL NUMBER | |
| Classification number | QA 152.2 |
| Item number | .M311 2009 |
| 100 ## - MAIN ENTRY--PERSONAL NAME | |
| Personal name | Marasigan, Jose A. |
| 9 (RLIN) | 30542 |
| 245 ## - TITLE STATEMENT | |
| Title | Intermediate Algebra : |
| Remainder of title | Jose A. Marasigan. |
| Statement of responsibility, etc | based on the 2002 BEC / |
| 260 ## - PUBLICATION, DISTRIBUTION, ETC. (IMPRINT) | |
| Place of publication, distribution, etc | Phiippines : |
| Name of publisher, distributor, etc | Bookmark Inc., |
| Date of publication, distribution, etc | c2002. |
| 942 ## - ADDED ENTRY ELEMENTS (KOHA) | |
| Source of classification or shelving scheme | Library of Congress Classification |
| Koha item type | |
| Withdrawn status | Lost status | Source of classification or shelving scheme | Damaged status | Home library | Current library | Shelving location | Date acquired | Total Checkouts | Total Renewals | Full call number | Barcode | Date last seen | Date checked out | Copy number | Price effective from | Koha item type |
|---|---|---|---|---|---|---|---|---|---|---|---|---|---|---|---|---|
| Library of Congress Classification | Luxembourg Library | Luxembourg Library | Filipiniana Section | 02/21/2014 | 1 | 5 | QA 152.2 .M311 2009 | 19034 | 03/31/2015 | 02/20/2015 | 1 | 02/21/2014 | Books |